Managing in a time of great change / (Record no. 14069)
[ view plain ]
| 000 -LEADER | |
|---|---|
| fixed length control field | 01639cam a2200277 a 4500 |
| 001 - CONTROL NUMBER | |
| JCCL Control Number | 14069 |
| 003 - CONTROL NUMBER IDENTIFIER | |
| JCCL marc code | BD-JhCC |
| 005 - DATE AND TIME OF LATEST TRANSACTION | |
| control field | 20240914085906.0 |
| 008 - FIXED-LENGTH DATA ELEMENTS--GENERAL INFORMATION | |
| fixed length control field | 090604s2009 mau 001 0 eng |
| 020 ## - INTERNATIONAL STANDARD BOOK NUMBER | |
| International Standard Book Number | 9780452278370 |
| 035 ## - SYSTEM CONTROL NUMBER | |
| system control number | (OCoLC)14069 |
| 040 ## - CATALOGING SOURCE | |
| Original cataloging agency | DLC |
| Transcribing agency | DLC |
| Modifying agency | YDX |
| -- | YDXCP |
| -- | DLC |
| 041 ## - LANGUAGE CODE | |
| Language code of Book | eng |
| 050 00 - LIBRARY OF CONGRESS CALL NUMBER | |
| Classification number | HD31 |
| Item number | .D77337 2009 |
| 082 00 - DEWEY DECIMAL CLASSIFICATION NUMBER | |
| Classification number | 658 |
| DDC Edition number | 22 |
| Author mark and Year | DRU 1995. |
| 100 1# - MAIN ENTRY--PERSONAL NAME | |
| Personal name | Drucker, Peter F. |
| Fuller form of name | (Peter Ferdinand), |
| Dates associated with a name | 1909-2005. |
| 245 10 - TITLE STATEMENT | |
| Title | Managing in a time of great change / |
| Statement of responsibility, etc | Peter F. Drucker. |
| 260 ## - PUBLICATION, DISTRIBUTION, ETC. (IMPRINT) | |
| Place of publication, distribution, etc | Boston, Mass. : |
| Name of publisher, distributor, etc | Harvard Business Press, |
| Date of publication, distribution, etc | 1995. |
| 300 ## - PHYSICAL DESCRIPTION | |
| Pagination | xxvii, 310 p. ; |
| Dimensions | 25 cm. |
| 490 0# - SERIES STATEMENT | |
| Series statement | The Drucker library |
| 500 ## - GENERAL NOTE | |
| General note | Includes index. |
| 505 0# - FORMATTED CONTENTS NOTE | |
| Formatted contents note | The theory of the business -- Planning for uncertainty -- The five deadly business sins -- Managing the family business -- Six rules for presidents -- Managing in the network society -- The new society of organizations -- There are three kinds of teams -- The information revolution in retail -- Be data literate : know what to know -- We need to measure, not count -- The information executives need today -- Trade lessons from the world economy -- The U.S. economy's power shift -- Where the new markets are -- The Pacific Rim and the world economy -- China's growth markets -- The end of Japan, Inc.? -- A weak dollar strengthens Japan -- The new superpower : the overseas Chinese -- A century of social transformations -- It profits us to strengthen nonprofits -- Knowledge work and gender roles -- Reinventing government -- Can the democracies win the peace? |
| 650 #0 - SUBJECT ADDED ENTRY--TOPICAL TERM | |
| Topical term or geographic name as entry element | Management. |
| 650 #0 - SUBJECT ADDED ENTRY--TOPICAL TERM | |
| Topical term or geographic name as entry element | Organization. |
| 942 ## - ADDED ENTRY ELEMENTS (KOHA) | |
| Source of classification or shelving scheme | Dewey Decimal Classification |
| Koha item type | Books |
| Source of classification or shelving scheme | Damaged status | Not for loan | Home library | Current library | Shelving location | Date of accession | Source of acquisition | Cost, normal purchase price | Total Checkouts | Full call number | Barcode | Date last seen | Copy number | Method of acquisition | Koha item type | Currency |
|---|---|---|---|---|---|---|---|---|---|---|---|---|---|---|---|---|
| Dewey Decimal Classification | JCC Rouf Library | JCC Rouf Library | General Stacks | 09/14/2024 | With the Compliments Of Shahriar Imtiaz Rahman 27/1483/K | 1271.00 | 658 DRU 1995. | 19689 | 09/14/2024 | C-1 | Gift/Donation | Books | BDT |